Geography Quiz

Random Geography or City Quiz

Capitals Ending in 'N' (A-Z) Quiz Stats

 Plays Quiz Updated Aug 1, 2016

Challenge
Share
Tweet
Embed
Score 0/12 Timer 04:00
0 Plays Today
A-Z Capital Cities Ending in 'N' % Correct
LLisbon, London
88.3%
BBandar Seri Begawan, Belmopan, Berlin, Bern, Bloemfontein, Bridgetown
88.2%
WWashington, Wellington
88%
TTallinn, Tehran
66.8%
CCopenhagen, Cape Town
62%
DDublin
58.7%
YYaren, Yerevan
57.7%
AAmman, AsunciĆ³n
56.1%
KKingston, Kingstown
48.2%
GGeorgetown
46.6%
FFreetown
44.8%
PPort of Spain
18.7%

You're not logged in!

Compare scores with friends on all Sporcle quizzes.
OR
Log In

You Might Also Like...

Show Comments

Extras

Top Quizzes Today


Score Distribution

Your Account Isn't Verified!

In order to create a playlist on Sporcle, you need to verify the email address you used during registration. Go to your Sporcle Settings to finish the process.

Report this User

Report this user for behavior that violates our Community Guidelines.

Details: